000 00745nam a2200277Ia 4500
005 20250425161818.0
008 250425s9999 xx 000 0 und d
020 _a1557756481
041 _aeng
082 _a338.5443
100 _aINTERNATIONAL, MONETARY FUND
245 0 _aWORLD ECONOMIC OUTLOOK MAYO 1997
250 _aS.E.
260 _aEstados Unidos
_bINTERNATIONAL MONETARY FUND
_c1997
260 _aWASHINGTON
300 _a207
500 _aSERIE WORLD ECONOMIC AND FINANCIAL SURVEYS
650 _aECONOMIA FINANCIERA
650 _aECONOMIA MUNDIAL
650 _aGLOBALIZACION
650 _aHISTORIA ECONOMICA
650 _aPRODUCCION
710 _aINTERNATIONAL MONETARY FUND
942 _c01
010 _a30684
999 _c216612
_d216612